Statistics for Languages & Scripts by Unique Character

Click here to take the quiz!

General Stats

  • This quiz has been taken 34 times
  • The average score is 9 of 20

Answer Stats

Answer% Correct
Korean
87%
Polish
77%
Hebrew
73%
Japanese
73%
Greek
67%
Russian
67%
Khmer
50%
Berber
43%
Georgian
40%
Amharic
37%
Azeri
37%
Kannada
33%
Maldivian
33%
Serbian
33%
Cree
30%
Sinhala
30%
Armenian
17%
Gujarati
17%
Cherokee
13%
Phoenecian
3%

Score Distribution

Percentile by Number Answered

Percent of People with Each Score

Your Score History

You have not taken this quiz